000
00321nam a22001457a 4500
008
221006b ||||| |||| 00| 0 eng d
020
_a
9781423416180
041
_a
eng
080
_a
781
082
_a
781 LEO
100
_a
20.1
101
_a
MUZ
245
_a
UKULELE METHOD BOOK 1 .2.3
_c
LEONARD H
942
_2
udc
_c
BK
999
_c
58387
_d
58387